Immigration Polen - Statistiken

Allgemein
  • Dieses Quiz wurde 80 mal gespielt
  • Das Durchschnittsergebnis liegt bei 18 aus 25
Antwortstatistiken
Platz Land Anzahl % Korrekt
3. Deutschland 20.240
100%
4. Russland 12.607
96%
1. Ukraine 256.821
93%
22. Litauen 2.357
91%
23. Tschechien 2.302
90%
18. Vereinigte Staaten 2.600
88%
12. Frankreich 5.540
87%
25. Slowakei 2.214
87%
2. Weißrussland 30.228
85%
10. Vereinigtes Königreich 6.527
84%
11. Spanien 5.873
82%
20. Niederlande 2.388
79%
9. China 6.812
76%
21. Schweden 2.368
75%
14. Türkei 4.884
72%
13. Bulgarien 5.343
71%
15. Rumänien 4.712
71%
7. Italien 8.483
69%
6. Indien 10.218
57%
16. Moldawien 3.990
56%
8. Georgien 8.345
44%
5. Vietnam 10.551
43%
17. Armenien 3.101
40%
19. Südkorea 2.497
37%
24. Nepal 2.287
10%
Keine übereinstimmenden Quizze gefunden
Verteilung der Resultate
Anzahl Personen mit jedem Resultat
Perzentil nach korrekt beantworteten Fragen
Ihre Resultats-Entwicklung
Sie haben dieses Quiz noch nicht gespielt